Aespa discography quiz - Statistics

General Stats
  • This quiz has been taken 214 times
  • The average score is 36 of 53
Answer Stats
Hint Answer % Correct
Savage Savage
96%
Girls Girls
95%
Drama Drama
94%
Armageddon Armageddon
93%
Black Mamba Black Mamba
93%
Hot Mess Hot Mess
93%
Whiplash Whiplash
92%
My World Spicy
90%
Supernova Supernova
89%
Next Level Next Level
84%
SYNK: PARALLEL LINE UP
82%
Welcome to my world Welcome to my world
82%
SYNK: PARALLEL LINE Dopamine
79%
SYNK: PARALLEL LINE Bored!
74%
Illusion Illusion
73%
SYNK: PARALLEL LINE Spark
72%
Armageddon BAHAMA
71%
Whiplash Flowers
71%
Forever Forever
71%
My World Thirsty
71%
Better Things Better Things
67%
Dreams Come True Dreams Come True
67%
Drama Trick or Trick
67%
Savage aenergy
66%
Drama Hot air balloon
65%
Savage Lucid Dream
65%
Armageddon Long Chat
63%
Whiplash Pink hoodie
63%
My World Im Unhappy
62%
Girls Lifes Too Short
62%
Savage YEPPI YEPPI
62%
Armageddon Mine
61%
My World Salty & Sweet
61%
Hot Mess Sun and Moon
61%
Drama YOLO
61%
Armageddon Live my life
60%
Armageddon Set the tone
60%
Whiplash Flights, not feelings
59%
Whiplash Kill it
59%
Armageddon Licorice
59%
Girls ICU
56%
Savage ICONIC
55%
Savage I'll make you cry
54%
Girls Lingo
54%
Drama You
54%
Hold on Tight Hold on Tight
53%
Whiplash Just another girl
52%
Armageddon Prologue
52%
Armageddon Melody
51%
Drama Don't Blink
46%
Hot Mess ZOOM ZOOM
46%
My World Till we meet again
37%
Beautiful Christmas Beautiful Christmas
33%
No matching quizzes found
Score Distribution
Percent of People with Each Score
Percentile by Number Answered
Your Score History
You have not taken this quiz